1479 1408 1296 1982 1451 1171 1548 1896 1847 1418 1370 1643 1798 1416 1706 1602 1491 1380 1979 1523 1456 1445 1845 1964 1192 1523 1101 1664 1485 1832 1471 1376 1443 1749 1117 1852 1966 1578 1637 1500 1923 1392 1189 1924 1135 1866 1188 1568 1998 1052 1588 1690 1201 1362 1809 1667 1887 1757 1115 1750 1436 1858 1857 1254 1743 1971 1212 1884 1928 1251 1109 1469 1978 1070 1906 1344 1435 1966 1627 1146 1527 1700 1777 1152 1831 1441 1323 1936 1135 1394 1826 1382 1940 1552 1567 1936 1816 1834 1218 BCNSPRNW ULIB Ver.6.0+V

เปลี่ยนเป็นภาษาไทย

Change to English
 แสดงรายละเอียดบรรณานุกรม
  กลับหน้าหลัก

Brief Record : Get Marc (ISO 2709) : E-mail record : QR code < ปิดหน้าต่าง
LEADER : 00000nam 2200000uu 4500
001    13399112553
003     ULIB
008    110824s2554||||th 000 0 tha d
020    9789740328001
060  4 WL101^bว397ป
100 0  วิไล ชินธเนศ
245 10 ประสาทส่วนปลาย จากกายวิภาคศาสตร์สู่การวินิจฉัย /^cวิไล ชินธเนศ
250    พิมพ์ครั้งที่ 1
260    กรุงเทพฯ :^bโรงพิมพ์แห่งจุฬาลงกรณ์มหาวิทยาลัย,^c2554
300    281 หน้า :^bภาพประกอบ ;^c27 ซม.
650  7 กายวิภาคศาสตร์
650  7 เส้นประสาทส่วนปลาย
945    ^p350^l0^i18527
945    ^p350^l0^i18528
995    กัณชพร
999     ^aใช้งานได้ทุกระบบ
รายการนี้ยังไม่มีแท็ก
คุณยังไม่ได้ล็อกอิน คุณสามารถมีกิจกรรมร่วมกับเว็บไซต์ได้ แต่ต้องล็อกอินก่อน ::
  ล็อกอิน

รายการสื่อสารสนเทศ

ลำดับที่ ประเภท เลขเรียก/บาร์โค้ด สถานที่ สถานะ
1. วิทยาศาสตร์การแพทย์ และสุขภาพ
วิทยาศาสตร์การแพทย์ และสุขภาพ
สถานะ=หาย
WL101 ว397ป  
  Barcode: 18527
ห้องสมุดวิทยาเขตนครสวรรค์
►ส่วนจัดเก็บหนังสือเก่า นว.
บนชั้น
  ขอยืม
2. วิทยาศาสตร์การแพทย์ และสุขภาพ
วิทยาศาสตร์การแพทย์ และสุขภาพ
สถานะ=หนังสือเก่า
WL101 ว397ป ฉ.2 
  Barcode: 18528
ห้องสมุดวิทยาเขตนครสวรรค์
►ส่วนจัดเก็บหนังสือเก่า นว.
บนชั้น
  ขอยืม

รายการใกล้เคียง
    หัวเรื่อง [กายวิภาคศาสตร์]
    หัวเรื่อง [เส้นประสาทส่วนปลาย]

BibComment


ยังไม่เคยถูกคอมเมนท์

คอมเมนท์ทรัพยากรรายการนี้
  คอมเมนท์: ประสาทส่วนปลาย จา..


 Copyright 2026. Bcnsprnw @Library